<?xml version="1.0" encoding="UTF-8"?>
<collection xmlns="http://www.loc.gov/MARC21/slim">
 <record>
  <leader>00438pamaa2200145   4500</leader>
  <controlfield tag="001">0000034872</controlfield>
  <controlfield tag="005">20060519090000.0</controlfield>
  <datafield tag="020" ind1="0" ind2="0">
   <subfield code="a">1901919242 </subfield>
  </datafield>
  <datafield tag="082" ind1=" " ind2=" ">
   <subfield code="a">337.59 KAO</subfield>
  </datafield>
  <datafield tag="090" ind1="0" ind2="0">
   <subfield code="a">DS554.58.A8 </subfield>
   <subfield code="b">KAO 2000</subfield>
  </datafield>
  <datafield tag="100" ind1="1" ind2="0">
   <subfield code="a">KAO KIM HOURN </subfield>
  </datafield>
  <datafield tag="245" ind1="1" ind2="0">
   <subfield code="a">ASEAN's non-interference policy : </subfield>
   <subfield code="b">principles under pressure  </subfield>
   <subfield code="c">Kao Kim Hourn.</subfield>
  </datafield>
  <datafield tag="260" ind1="0" ind2="0">
   <subfield code="a">London: </subfield>
   <subfield code="b">ASEAN Academic Press, </subfield>
   <subfield code="c">2000.</subfield>
  </datafield>
  <datafield tag="300" ind1=" " ind2=" ">
   <subfield code="a">109p.; </subfield>
   <subfield code="c">22cm.</subfield>
  </datafield>
  <datafield tag="650" ind1="0" ind2="0">
   <subfield code="a">Politics and government -- </subfield>
   <subfield code="z">ASEAN </subfield>
  </datafield>
 </record>
</collection>
